MANAGEMENT OF NURSING SERVICES AND EDUCATION (Record no. 21963)

MARC details
000 -LEADER
fixed length control field 00368nam a22001577a 4500
003 - CONTROL NUMBER IDENTIFIER
control field SGT
020 ## - INTERNATIONAL STANDARD BOOK NUMBER
International Standard Book Number 9788131257074
082 ## - DEWEY DECIMAL CLASSIFICATION NUMBER
Classification number 610.73
Item number M21C
100 ## - MAIN ENTRY--PERSONAL NAME
Personal name CLEMENT, I.
245 ## - TITLE STATEMENT
Title MANAGEMENT OF NURSING SERVICES AND EDUCATION
250 ## - EDITION STATEMENT
Edition statement 3RD
260 ## - PUBLICATION, DISTRIBUTION, ETC. (IMPRINT)
Place of publication, distribution, etc INDIA
Name of publisher, distributor, etc ELSEVIER PUB
Year of Publication 2021
300 ## - PAGE DESCRIPTION
No. of Pages 720
650 ## - SUBJECT ADDED ENTRY--TOPICAL TERM
Topical term or geographic name as entry element NURSING MANAGEMENT
942 ## - ADDED ENTRY ELEMENTS (KOHA)
Source of classification or shelving scheme Dewey Decimal Classification
Koha item type Books
942 ## - ADDED ENTRY ELEMENTS (KOHA)
-- 217
Holdings
Withdrawn status Lost status Source of classification or shelving scheme Damaged status Not for loan Collection code Home library Current library Shelving location Date acquired Vendor Name Cost, normal purchase price SGTU Bill Number Total Checkouts Total Renewals Full call number Accession No. (Barcode) Date last seen Date last borrowed Bill Date Koha item type
    Dewey Decimal Classification     NURSING SGT Medical Library SGT Medical Library Text Book 12/10/2021 ABC DELHI 695.00 SGTU 13309 59 1 610.73 M21C FN4581 20/06/2025 09/06/2025   Books
    Dewey Decimal Classification   Not For Loan NURSING SGT Medical Library SGT Medical Library Text Book 12/10/2021 ABC DELHI 695.00 SGTU 13309 18   610.73 M21C FN4582 25/07/2024 09/07/2024   Books
    Dewey Decimal Classification     NURSING SGT Medical Library SGT Medical Library Text Book 12/10/2021 ABC DELHI 695.00 SGTU 13309 49   610.73 M21C FN4583 27/03/2026 13/03/2026   Books
    Dewey Decimal Classification     NURSING SGT Medical Library SGT Medical Library Text Book 12/10/2021 ABC DELHI 695.00 SGTU 13309 46 2 610.73 M21C FN4584 24/07/2024 23/07/2024   Books
    Dewey Decimal Classification     NURSING SGT Medical Library SGT Medical Library Text Book 12/10/2021 ABC DELHI 695.00 SGTU 13309 60 1 610.73 M21C FN4585 27/05/2026 27/05/2026   Books